Statistics for 2023 Top 100

Click here to take the quiz!

General Stats

  • This quiz has been taken 7 times
  • The average score is 55 of 100

Answer Stats

HintRankAnswer% Correct
Mavericks7.Luka Doncic
100%
Lakers11.Anthony Davis
80%
Heat20.Bam Adebayo
80%
Wizards39.Bradley Beal
80%
Pelicans43.Brandon Ingram
80%
Trailblazers17.Damian Lillard
80%
Cavaliers34.Darius Garland
80%
Kings18.DeAaron Fox
80%
Bulls36.Demar Derozan
80%
Suns13.Devin Booker
80%
Kings21.Domantas Sabonis
80%
Cavaliers19.Donovan Mitchell
80%
Bucks3.Giannis Antetokounmpo
80%
Grizzlies14.Ja Morant
80%
Grizzlies27.Jaren Jackson
80%
Celtics10..Jaylen Brown
80%
Celtics9.Jayson Tatum
80%
Heat8.Jimmy Butler
80%
76ers2.Joel Embiid
80%
Bucks33.Jrue Holiday
80%
Knicks32.Julius Randle
80%
Timberwolves42.Karl Anthony Towns
80%
Clippers16.Kawhi Leonard
80%
Suns5.Kevin Durant
80%
Warriors49.Klay Thompson
80%
Heat76.Kyle Lowry
80%
Lakers6.Lebron James
80%
Celtics46.Marcus Smart
80%
Nets35.Mikal Bridges
80%
Nuggets1.Nikola Jokic
80%
Raptors29.Pascal Siakam
80%
Clippers24.Paul George
80%
Celtics71.Robert Williams
80%
Thunder12.Shai Gilgeous Alexander
80%
Warriors4.Stephen Curry
80%
Heat50.Tyler Herro
80%
Pacers22.Tyrese Haliburton
80%
Bulls37.Zach Lavine
80%
Pelicans28.Zion Williamson
80%
Magic52.Aaron Gordon
60%
Warriors89.Andrew Wiggins
60%
Bucks80.Bobby Portis
60%
Bucks59.Brook Lopez
60%
Pistons55.Cade Cunningham
60%
Nets84.Cameron Johnson
60%
Suns54.Chris Paul
60%
Hawks98.Clint Capela
60%
Lakers78.Dangelo Russell
60%
Suns68.Deandre Ayton
60%
Hawks40.Dejounte Murray
60%
Grizzlies51.Desmond Bane
60%
Cavaliers41.Evan Mobley
60%
Magic69.Franz Wagner
60%
Knicks25.Jalen Brunson
60%
Rockets61.Jalen Green
60%
Nuggets38.Jamal Murray
60%
76ers15.James Harden
60%
Warriors65.Jordan Poole
60%
Spurs92.Keldon Johnson
60%
Bucks44.Khris Middleton
60%
Mavericks23.Kyrie Irving
60%
Raptors57.OG Anunoby
60%
Magic62.Paolo Banchero
60%
Timberwolves74.Rudy Gobert
60%
Hornets75.Terry Rozier
60%
Hawks26.Trae Young
60%
76ers47.Tyrese Maxey
60%
Celtics93.Al Horford
40%
Raptors94.Fred Vanvleet
40%
Raptors95.Jakob Poeltl
40%
Hawks83.John Collins
40%
Thunder72.Josh Giddey
40%
Heat81.Kevin Love
40%
Wizards64.Kyle Kuzma
40%
Hornets56.Lamelo Ball
40%
Jazz31.Lauri Markkanen
40%
Nuggets87.Michael Porter
40%
Pacers63.Myles Turner
40%
Knicks77.RJ Barrett
40%
Rockets60.Alpren Sengun
20%
Timberwolves30.Anthony Edwards
20%
Pistons99.Bojan Bogdonovic
20%
Spurs96.Devin Vassell
20%
Cavaliers45.Jarret Allen
20%
Thunder97.Jaylen Williams
20%
Trailblazers88.Jeremi Grant
20%
Kings86.Kevin Heurter
20%
Nets66.Nicolas Claxton
20%
Clippers79.Norman Powell
20%
Clippers58.Russell Westbrook
20%
Raptors73.Scottie Barnes
20%
Trailblazers90.Anfrenee Simmons
0%
Lakers67.Austin Reaves
0%
Pelicans48.CJ Mccolum
0%
Rockets100.John Wall
0%
Wizards53.Kristaps Porizingis
0%
Celtics70.Malcom Brogdon
0%
Timberwolves85.Mike Conley
0%
Timberwolves91.Naz Reid
0%
Magic82.Wendell Carter
0%

Score Distribution

Percentile by Number Answered

Percent of People with Each Score

Your Score History

You have not taken this quiz